000 00768nam a2200277Ia 4500
003 SISC
005 20181022082637.0
008 170918s9999 xx 000 0 und d
020 _a9780786891177
050 _bA339fo 2006
050 _aPZ 7
_b.A339fo 2006
100 _aAlbom, Mitch
245 _aFor one more day /
245 _cby Mitch Albom.
260 _aNew York :
260 _bHyperion,
260 _c2006
300 _a197 pages :
300 _billustrations ;
300 _c17cm.
650 _2Cataloging In-Publication Data
_aMothers and sons
_vFiction
650 _2Cataloging In-Publication Data
_aMothers
_xDeath
_vFiction
650 _2Cataloging In-Publication Data
_aSuicidal behavior
_vFiction
942 _2lcc
_cBK
999 _c343540
_d343540